El amor de mi vida = Bright Star /

Guardat en:
Dades bibliogràfiques
Autor principal: Campion, Jane (realización)
Altres autors: Campion, Jane (guión) (guión), Fraser, Greig (fotógrafo) (fotógrafo), Patterson, Janet (vestuario) (vestuario), Franceschi, Alexandre de (montaje) (montaje), Bradshaw, Mark (música) (música), Cornish, Abbie (actuación) (actuación), Whishaw, Ben (actuación) (actuación), Schneider, Paul (actuación) (actuación)
Format: Diapositiva
Idioma:anglès
Publicat: París, Francia : Pathé, 2009, c2009
Matèries:
Etiquetes: Afegir etiqueta
Sense etiquetes, Sigues el primer a etiquetar aquest registre!

MARC

LEADER 00000ngm^a2200000^a^4500
001 000313218
005 20250521000000.0
009 20260310113136.792
037 |a Acervo ITESO - Biblioteca 
041 |a ING 
082 |a 820.  |b CAM 
100 |a Campion, Jane  |e (realización) 
240 1 4 |a [El amor de mi vida] 
245 1 3 |a El amor de mi vida =  |b Bright Star /  |c Realización de J. Campion. 
264 4 |a París, Francia :  |b Pathé,  |c 2009, c2009 
264 2 |a México :  |b Videomax [distribución],  |c 2011, c2011 
300 |a 1 DVD región 4 (119 min.) :  |b color 
336 |a imagen móvil bidimensional  |b tdi  |2 rdacontenido 
337 |a video  |b v  |2 rdamedio 
338 |a videodisco  |b vd  |2 rdasoporte 
500 |a Basado en: Keats, de Andrew Motion 
545 0 |a John Keats (1795-1821), poeta inglés nacido en Londres, de vida tragicamente breve e infeliz. Su poesía constituye la culminación del románticismo inglés, ha sido junto con Lord Byron y Shelley, el más claro representante de las ideas y sentimientos que caracterizaron a la que fue llamada la segunda generación romántica. Obra poética: Endimión (1918); Hiperión; La víspera de Santa Inés; La belle dame sans merci; sus grandes Odas: A un ruiseñor; A una urna griega; A la melancolía; Al otoño y por último Lamia. 
546 |a En francés e inglés, con subtítulos opcionales: español, inglés 
546 |a Doblaje opcional: español 
586 |a Premio César, de la Academia Francesa de Cine (36º: 2011): Mejor Película Extranjera (finalista) 
586 |a Premio del Instituto Australiano de Cine (52º: 2010): Mejor Película (finalista) 
586 |a Premio del Instituto Australiano de Cine (52º: 2010): Mejor Dirección (finalista: Jane Campion) 
586 |a Mejores Películas de la Historia Dirigidas por Mujeres: Encuesta de la BBC (2019): 54ª 
586 |a Diseño de Indumentaria y Moda: Premio del Instituto Australiano de Cine (52º: 2010): Mejor Diseño de Vestuario (ganadora: Janet Patterson) 
586 |a Diseño de Indumentaria y Moda: Premio BAFTA, de la Academia Británica de Cine y Televisión (63°: 2009): Mejor Diseño de Vestuario (finalista: Janet Patterson) 
586 |a Diseño de Indumentaria y Moda: Premio Oscar, de la Academia Norteamericana de Cine (82°: 2009): Mejor Diseño de Vestuario (finalista: Janet Patterson) 
649 |a XX 
650 |a Cineastas Neozelandeses 
650 |a Escritores en el Cine 
650 |a Escritores Ingleses -  |x Biografías -  |x Adaptaciones para Cine 
650 |a Mujeres Inglesas -  |x Biografías -  |x Adaptaciones para Cine 
650 |a Clases Sociales en el Cine 
650 |a Clases Sociales -  |z Inglaterra -  |x Historia -  |y Jorge III, 1760-1820 
650 |a Romanticismo en el Cine 
650 |a Melodramas 
650 |a Dramas Cinematográficos 
650 |a Cine de Mujeres -  |z Inglaterra 
650 |a Cine Independiente -  |z Inglaterra 
650 |a Cine Inglés -  |y 2000-2009 
650 |a Cine Inglés -  |y Siglo XXI 
650 |a Esponsales 
650 |a Amor -  |x Tema Principal 
650 |a Relaciones Intergénero 
650 |a Poesía Inglesa -  |x Historia y Crítica 
650 |a Literatura Inglesa -  |x Historia y Crítica 
650 |a Literatura Inglesa -  |y Siglo XIX 
650 |a Inglaterra -  |x Historia -  |y Jorge III, 1760-1820 
650 |a Inglaterra -  |x Historia -  |y Siglo XIX 
650 |a Inglaterra -  |x Historia -  |y Casa Hannover, 1714-1837 
650 |a Brawne, Fanny -  |x Tema Principal 
650 |a Keats, John -  |x Tema Principal 
700 |a Campion, Jane  |e (guión) 
700 |a Fraser, Greig  |e (fotógrafo) 
700 |a Patterson, Janet  |e (vestuario) 
700 |a Franceschi, Alexandre de  |e (montaje) 
700 |a Bradshaw, Mark  |e (música) 
700 |a Cornish, Abbie  |e (actuación) 
700 |a Whishaw, Ben  |e (actuación) 
700 |a Schneider, Paul  |e (actuación) 
910 |a Fondo General 
920 |a Audiovisuales - DVDs 
940 |a Películas 
905 |a 302 
901 |a 0500199574  |b IT2  |c DVS  |i C129035  |u 20250521 
902 |a https://opac.biblio.iteso.mx/vufind/Record/000313218